Français dans les Sports US de A à Z - Statistiques

Statistiques générales
  • Ce quiz a été pris 34 fois
  • Le résultat moyen est 10 sur 24
Statistiques - réponses
Indices Lettre Réponses % Correct
Numéro 9 retiré dans la franchise des Spurs / Meneur 4 fois champion NBA et MVP des finales en 2007 P Parker
97%
Pivot élu 3 fois meilleur défenseur de saison régulière, ayant longtemps joué pour le Jazz de l'Utah G Gobert
93%
Ailier et ailier fort passé par Le Mans, Portland, Hornets, Clippers et Sixers B Batum
90%
Arrière/Ailier drafté par les Nuggets (20ème) en 2012 / Échangé par les Knicks aux Pistons F Fournier
83%
Choix numéro un de la draft NBA 2023, évoluant pour les Spurs de San Antonio W Wembanyama
80%
7ème de la Draft NBA en 2023 C Coulibaly
73%
Pivot Franco Américano Camerounais ayant choisi de représenter les USA / MVP saison 2022/2023 E Embiid
70%
Drafté par les Bulls en 2007 (9ème) / NBA Défensive Player of the Year en 2014 J Joakim Noah
70%
Ailier fort drafté par les Celtics de Boston en 2016, ayant gagné l'Euroligue avec le Réal Madrid en 2023 Y Yabusele
60%
Prénom d'un potentiel numéro un à la draft NBA 2024, évoluant à Bourg en Bresse Z Zaccharie Risacher
40%
Meneur/Arrière drafté par les Suns de Phoenix en 2018, de retour en France depuis 2021 O Okobo
33%
Ancien pivot international, ayant remporté le titre NBA avec les Mavericks de Dallas en 2011 M Mahinmi
30%
Ancien pivot/Ailier fort Guyanais drafté par les Bulls en 2010 (17ème), passé par les Wizards, Knicks et Pacers S Seraphin
30%
Gardien de but de Hockey sur Glace, le seul Français ayant remporté la Coupe Stanley avec les Blackhawks de Chicago H Huet
27%
Le V de la Franchise qui a choisi Pierre-Edouard Bellemare, lors du repêchage d'extension de la NHL en 2017 V Vegas
17%
Attaquant prodige, drafté en NHL par les Columbus Blue Jackets en 2017 T Texier
13%
Premier Français ayant remporté le Superbowl, avec les Chiefs de Kansas / Offensive Tackle, garde du corps de Mahomes N Niang
10%
Premier Français ayant réalisé un Hat Trick dans un match de NHL (3 buts), avec les Dallas Stars en 2017 R Roussel
10%
Défenseur passé par Les New Jersey Devils et Oilers d'Edmonton en NHL A Auvitu
7%
Hockeyeur Franco Canadien, qui a signé aux Capitals de Washington / Un des meilleurs buteurs de AHL en 2023 D Dube
7%
Jeune gardien Dijonnais drafté par les Capitals de Washington en 2023 K Keller
7%
Défenseur Franco-Canadien, ayant évolué à Détroit et à Montréal en NHL X Xavier Ouellet
7%
Ailier fort Guyanais drafté par les Bucks de Milwaukee en 2014 (31ème), de retour en Europe depuis 2017 I Inglis
3%
Lanceur drafté par les Chicago White Sox en 2023, peut être un jour en MLB L Lacombe
0%
Aucun quiz correspondant
Distribution des résultats
% des personnes avec chaque résultat
Percentile par nombre de réponses
Votre historique - résultats
Vous n’avez pas pris ce quiz